| 000 | 00638nam a2200193Ii 4500 | ||
|---|---|---|---|
| 003 | JO-AjNU | ||
| 008 | 230605s9999||||xx |||||||||||||| ||und|| | ||
| 040 |
_aJO-AjNU _bara _erda _cJO-AjNU |
||
| 041 | _aara | ||
| 050 | 1 | 4 | _aPJ6696.D3 1900 |
| 100 | 3 |
_aتأليف الدرويش، محي الدين, _eauthor _919530 |
|
| 245 | 0 | 0 | _aإعراب القرآن الكريم وبيانه، مج3 |
| 264 | 3 | 1 | _aد.م: د.ن، 1900 |
| 300 | _aمج3، 543ص | ||
| 336 |
_atext _btxt _2rdacontent |
||
| 337 |
_aunmediated _bn _2rdamedia |
||
| 338 |
_avolume _bnc _2rdacarrier |
||
| 650 | 4 |
_aالقرآن الكريم - إعراب - بيان _919531 |
|
| 999 |
_aA6461 _c10029 _d10029 |
||